000
00334nam a2200145Ia 4500
008
191201s2008 xx 000 0 und d
082
_a
006.696
_b
MEM
100
_a
MEADE,Tom
245
0
_a
Maya 8: The Complete Reference
250
_a
Rep
260
_a
N.Delhi
_b
TMH
_c
2008
300
_a
691
650
_a
B.Tech(IT)
942
_2
ddc
_c
BK
999
_c
4025
_d
4025